000 00654nabaa22001817a 4500
999 _c6284
_d6284
003 OSt
005 20260129001606.0
008 190701b xxu||||| |||| 00| 0 spa d
040 _cPJ
100 _91221
_aSosa Wagner, Francisco
245 1 3 _aLa lucha por el derecho /
_cFrancisco Sosa Wagner.
300 _ap. 3-4
500 _aCita: TR LALEY AR/DOC/443/2025
505 _t¿Te interesa el texto completo? Comunicate al correo: koha@justierradelfuego.gov.ar
650 0 _9211
_aDERECHO ADMINISTRATIVO
773 0 _02842
_93251
_dBuenos Aires : AbeledoPerrot, 2012-
_oDA121
_tDerecho administrativo. Nº 158 marzo/abril 2025
_z18510590
942 _2udc
_cANA